[Event "Najdorf Mem Open A 2014"]
[Site "Warsaw POL"]
[Date "2014.07.15"]
[Round "2.3"]
[White "Fedoseev, Vladimir3"]
[Black "Olszewski, Michal"]
[Result "1-0"]
[WhiteTitle "GM"]
[BlackTitle "GM"]
[WhiteElo "2668"]
[BlackElo "2553"]
[WhiteFideId "24130737"]
[BlackFideId "1121251"]
[EventDate "2014.07.14"]

1. d4 Nf6 2. c4 e6 3. Nf3 b6 4. Nc3 Bb4 5. Bg5 Bb7 6. Nd2 O-O 7. e4 h6 8. Bh4 g5
9. Bg3 Bxe4 10. h4 Bg6 11. hxg5 hxg5 12. Qf3 Nc6 13. Bxc7 Qe7 14. Bd3 Kg7 15.
Qg3 Rh8 16. Rxh8 Rxh8 17. Bxg6 fxg6 18. a3 Rh1+ 19. Nf1 Ne4 20. Qe3 Bxc3+ 21.
bxc3 d5 22. f3 Qxc7 23. fxe4 dxe4 24. Qxg5 e5 25. d5 Na5 26. O-O-O Qd6 27. Kc2
Rh5 28. Qc1 Nxc4 29. Ne3 Nxa3+ 30. Kb3 Nb5 31. Nc4 Qc5 32. d6 a5 33. d7 Rh8 34.
Qg5 Nd4+ 35. Kb2 Nc6 36. Rd6 Qb5+ 37. Kc2 Nd4+ 38. Rxd4 Qa4+ 39. Kb2 Qb5+ 40.
Kc1 Rh1+ 41. Kd2 Qb1 42. Qxe5+ Kh7 43. Qh8+ Kxh8 44. d8=Q+ Kg7 45. Rd7+ Kh6 46.
Qh8+ Kg5 47. Qe5+ Kh6 48. Qf4+ 1-0

[Event "Najdorf Mem Open A 2014"]
[Site "Warsaw POL"]
[Date "2014.07.15"]
[Round "2.4"]
[White "Bernadskiy, Vitaliy"]
[Black "Melkumyan, Hrant"]
[Result "1/2-1/2"]
[WhiteTitle "IM"]
[BlackTitle "GM"]
[WhiteElo "2550"]
[BlackElo "2647"]
[WhiteFideId "14100371"]
[BlackFideId "13302485"]
[EventDate "2014.07.14"]

1. b3 d5 2. Bb2 Nf6 3. e3 g6 4. Nf3 Bg7 5. c4 c6 6. h3 O-O 7. Be2 Re8 8. O-O
Nbd7 9. cxd5 cxd5 10. Qc2 Nf8 11. Rc1 Bf5 12. d3 Rc8 13. Qd2 Rxc1+ 14. Qxc1 Qa5
15. Qd2 Qxd2 16. Nbxd2 Rc8 17. Rc1 Rxc1+ 18. Bxc1 Bd7 19. Ba3 e6 20. d4 Be8 1/2-1/2

[Event "Najdorf Mem Open A 2014"]
[Site "Warsaw POL"]
[Date "2014.07.15"]
[Round "2.5"]
[White "Shimanov, Aleksandr"]
[Black "Tomczak, Jacek"]
[Result "1/2-1/2"]
[WhiteTitle "GM"]
[BlackTitle "GM"]
[WhiteElo "2644"]
[BlackElo "2547"]
[WhiteFideId "4198603"]
[BlackFideId "1124668"]
[EventDate "2014.07.14"]

1. Nf3 Nf6 2. c4 g6 3. Nc3 d5 4. cxd5 Nxd5 5. h4 h6 6. e4 Nxc3 7. dxc3 Qxd1+ 8.
Kxd1 Nd7 9. Bf4 Nc5 10. Nd2 c6 11. Kc2 h5 12. f3 Bh6 13. Be5 O-O 14. Bd4 Nd7 15.
Nc4 b6 16. Rd1 Bf4 17. a4 Bc7 18. b4 Bb7 19. Be2 Rfd8 20. Rd2 a5 21. b5 c5 22.
Bf2 Kf8 23. Rhd1 Ke8 24. Ne3 Nf6 25. Bc4 Rxd2+ 26. Rxd2 e6 27. Bd3 Ke7 28. Nc4
Nd7 29. Re2 f6 30. e5 Nxe5 31. Nxe5 Bxe5 32. Bxg6 Rh8 33. Be4 Bxe4+ 34. Rxe4 Bd6
35. g4 Kf7 36. Re1 Rg8 37. Rd1 Ke7 38. Rg1 Bh2 39. Rh1 Bf4 40. Rg1 Bh2 41. Rg2
Bf4 42. Be1 Kf7 43. Kd3 Rd8+ 44. Ke2 Rd5 45. gxh5 1/2-1/2

[Event "Najdorf Mem Open A 2014"]
[Site "Warsaw POL"]
[Date "2014.07.15"]
[Round "2.6"]
[White "Dragun, Kamil"]
[Black "Ragger, Markus"]
[Result "1/2-1/2"]
[WhiteTitle "GM"]
[BlackTitle "GM"]
[WhiteElo "2518"]
[BlackElo "2639"]
[WhiteFideId "1134167"]
[BlackFideId "1610856"]
[EventDate "2014.07.14"]

1. d4 d5 2. c4 c6 3. e3 Nf6 4. Nf3 Bg4 5. cxd5 cxd5 6. Nc3 e6 7. Qa4+ Nbd7 8.
Ne5 a6 9. Nxg4 Nxg4 10. Bd3 Bd6 11. Qd1 f5 12. Qe2 O-O 13. h3 Ngf6 14. Bd2 b5
15. O-O Nb6 16. Rfc1 g5 17. Be1 b4 18. Nb1 a5 19. Nd2 a4 20. Rc6 Nc8 21. Rac1
Ne7 22. Ra6 h6 23. Nf3 Rxa6 24. Bxa6 Qb6 25. Bb5 Ra8 26. Ne5 Ra5 27. Bd3 a3 28.
Rb1 Qa7 29. Qc2 Kg7 30. g3 Ne4 31. Bxe4 fxe4 32. bxa3 Rxa3 33. Bxb4 Rxa2 34. Qc3
Bxe5 35. dxe5 Nf5 36. Qc8 Qf7 37. Be1 Ra7 38. Rb8 Ra1 39. Qh8+ Kg6 40. Rf8 Rxe1+
41. Kh2 Qxf8 42. Qxf8 Ng7 43. Qf6+ Kh7 44. h4 gxh4 45. Qxh4 Ra1 46. Qe7 Ra2 47.
Kg2 Ra1 48. Qf7 Re1 49. g4 Rc1 50. Qe7 Kg6 51. Qf6+ Kh7 52. Qh4 Kg6 53. Qf6+ 1/2-1/2

[Event "Najdorf Mem Open A 2014"]
[Site "Warsaw POL"]
[Date "2014.07.15"]
[Round "2.7"]
[White "Agdestein, Simen"]
[Black "Romanishin, Oleg M"]
[Result "1/2-1/2"]
[WhiteTitle "GM"]
[BlackTitle "GM"]
[WhiteElo "2637"]
[BlackElo "2502"]
[WhiteFideId "1500015"]
[BlackFideId "14100088"]
[EventDate "2014.07.14"]

1. c4 e5 2. Nc3 Nf6 3. Nf3 Nc6 4. g3 d5 5. cxd5 Nxd5 6. Bg2 Nb6 7. Rb1 a5 8. O-O
Be7 9. d3 O-O 10. Be3 Be6 11. d4 e4 12. Nxe4 Bxa2 13. Ra1 Bc4 14. b3 Bd5 15. Nc5
Nd7 16. Na4 Bb4 17. Qc2 Nf6 18. Rfd1 Re8 19. Nc5 b6 20. Nd3 Be4 21. Qc4 Bd5 22.
Qc1 Ne4 23. Nf4 Ne7 24. Rd3 c6 25. Ne5 Rc8 26. f3 Nf6 27. Bh3 Rc7 28. Bf2 c5 29.
Qb2 Qb8 30. e4 Ba8 31. d5 Ra7 32. Nc4 b5 33. Ne3 Ng6 34. Nxg6 hxg6 35. Qc2 Qe5
36. Ra2 Bb7 37. Bg2 Qb8 38. Rd1 Bc8 39. f4 Nxe4 40. Bxe4 Rae7 41. Bd3 Rxe3 42.
Bxe3 Rxe3 43. Qf2 Re8 44. h4 Bg4 45. Be2 Bd7 46. Kh2 Qd6 47. Bf1 a4 48. bxa4
bxa4 49. Bh3 Bb5 50. Bf1 Bd7 51. Bh3 Bb5 52. Bf1 1/2-1/2

[Event "Najdorf Mem Open A 2014"]
[Site "Warsaw POL"]
[Date "2014.07.15"]
[Round "2.8"]
[White "Petrosian, Tigran L."]
[Black "Raznikov, Danny"]
[Result "1-0"]
[WhiteTitle "GM"]
[BlackTitle "IM"]
[WhiteElo "2629"]
[BlackElo "2500"]
[WhiteFideId "13301616"]
[BlackFideId "2811154"]
[EventDate "2014.07.14"]

1. Nf3 d5 2. g3 Bg4 3. Bg2 Nd7 4. c4 c6 5. cxd5 cxd5 6. Nc3 e6 7. Qb3 Bxf3 8.
Bxf3 Qb6 9. Qxb6 Nxb6 10. Nb5 Kd7 11. O-O Ne7 12. d3 Nc6 13. Be3 Nc8 14. Nc3 Nd6
15. Bg2 Be7 16. f4 Nf5 17. Bf2 d4 18. Nb5 Bc5 19. Rfc1 Bb6 20. Rc4 Rac8 21. Rac1
Ne3 22. Bxe3 dxe3 23. Bxc6+ Rxc6 24. Rxc6 bxc6 25. Na3 Bd4 26. Nc4 f6 27. Kg2 e5
28. fxe5 fxe5 29. Rf1 Ke6 30. b3 g5 31. g4 h5 32. h3 hxg4 33. hxg4 Rh4 34. Kg3
e4 35. dxe4 Be5+ 36. Nxe5 Kxe5 37. Rf5+ Kxe4 38. Rxg5 Rh1 39. Rc5 Rg1+ 40. Kh3
Re1 41. Rc2 Rd1 42. Rc4+ Ke5 43. Kg2 Rd2 44. Kf3 Rxa2 45. Rxc6 Ra3 46. Rc3 a5
47. Rxe3+ Kf6 48. Kf4 a4 49. g5+ Kf7 50. bxa4 Rxa4+ 51. Re4 1-0

[Event "Najdorf Mem Open A 2014"]
[Site "Warsaw POL"]
[Date "2014.07.15"]
[Round "2.9"]
[White "Debashis, Das"]
[Black "Krasenkow, Michal"]
[Result "1/2-1/2"]
[WhiteTitle "GM"]
[BlackTitle "GM"]
[WhiteElo "2484"]
[BlackElo "2623"]
[WhiteFideId "5024854"]
[BlackFideId "1113100"]
[EventDate "2014.07.14"]

1. d4 g6 2. c4 Bg7 3. Nc3 d6 4. Nf3 Bg4 5. e3 Nd7 6. Be2 c6 7. h3 Bxf3 8. Bxf3
Ngf6 9. O-O O-O 10. Qc2 e5 11. Rd1 Re8 12. b3 exd4 13. exd4 Nb6 14. Bf4 d5 15.
Qd3 Re7 16. a4 a5 17. Bg5 h6 18. Bh4 g5 19. Bg3 Qd7 20. c5 Nc8 21. Be5 b6 22.
cxb6 Nxb6 23. Re1 Rae8 24. Qa6 Qd8 25. Rec1 Nbd7 26. Bxf6 Bxf6 27. Qxc6 Bxd4 28.
Qxh6 Re6 29. Qh5 Re5 30. Qg4 Qf6 31. Qxd7 Bxc3 32. Rab1 d4 33. Rd1 Rd8 34. Qc7
Bb4 35. Qc2 Qe6 36. Qd3 f5 37. Rbc1 g4 38. Bb7 gxh3 39. Qxh3 d3 40. Qg3+ Kf8 41.
Rxd3 Re1+ 42. Rxe1 Qxe1+ 43. Kh2 Rxd3 44. Qxd3 Qxf2 45. Qd8+ Kf7 46. Bd5+ Kg6
47. Qg8+ Kf6 48. Qh8+ 1/2-1/2

[Event "Najdorf Mem Open A 2014"]
[Site "Warsaw POL"]
[Date "2014.07.15"]
[Round "2.10"]
[White "Kanarek, Marcel"]
[Black "Mista, Aleksander"]
[Result "1/2-1/2"]
[WhiteTitle "IM"]
[BlackTitle "GM"]
[WhiteElo "2471"]
[BlackElo "2609"]
[WhiteFideId "1126822"]
[BlackFideId "1110381"]
[EventDate "2014.07.14"]

1. d4 Nf6 2. c4 g6 3. Nc3 d5 4. cxd5 Nxd5 5. e4 Nxc3 6. bxc3 Bg7 7. Nf3 c5 8.
Rb1 O-O 9. Be2 b6 10. h4 Bg4 11. O-O Nc6 12. d5 Na5 13. Ng5 Bxe2 14. Qxe2 h6 15.
Nh3 Qd6 16. c4 e5 17. h5 f5 18. Bd2 Nb7 19. hxg6 f4 20. f3 Rf6 21. Kh2 Rxg6 22.
Rg1 Qd7 23. g3 fxg3+ 24. Rxg3 Rxg3 25. Kxg3 Nd6 26. Rg1 Qf7 27. Kh2 Kh7 28. f4
Rg8 29. f5 Bf6 30. Rxg8 Qxg8 31. Nf2 Bg5 32. Ng4 Qg7 33. Bxg5 Qxg5 34. Kh3 Nf7
35. Qf3 h5 36. Ne3 Nd6 37. a4 Kg7 38. f6+ Kf7 39. Nf5 Qg4+ 40. Qxg4 hxg4+ 41.
Kxg4 Nxe4 42. Ng3 Nd6 43. Nf5 Nxc4 44. d6 e4 45. Kf4 Na5 46. d7 Nc6 47. Kxe4
Kxf6 48. Kd5 Nd8 49. Nd6 Ke7 50. Nc8+ Kxd7 51. Nxa7 Ne6 52. Nb5 Nf4+ 53. Ke4 Ng6
54. a5 bxa5 55. Kd5 a4 56. Kxc5 a3 57. Nxa3 1/2-1/2

[Event "Najdorf Mem Open A 2014"]
[Site "Warsaw POL"]
[Date "2014.07.15"]
[Round "2.11"]
[White "Macieja, Bartlomiej"]
[Black "Lei, Tingjie"]
[Result "1/2-1/2"]
[WhiteTitle "GM"]
[WhiteElo "2607"]
[BlackElo "2450"]
[WhiteFideId "1104306"]
[BlackFideId "8605114"]
[EventDate "2014.07.14"]

1. e4 c5 2. Nf3 e6 3. b3 d6 4. d4 cxd4 5. Nxd4 a6 6. c4 Nf6 7. Bd3 Nbd7 8. O-O
b6 9. Nc3 Bb7 10. Qe2 Be7 11. Bb2 Qc7 12. f4 h5 13. f5 Nf8 14. fxe6 fxe6 15.
Rae1 O-O-O 16. Na4 N6d7 17. Rf7 Re8 18. Rxg7 Bf6 19. Rf7 Ng6 20. Nf3 Rhf8 21.
Rxf8 Rxf8 22. Bxf6 Rxf6 23. Qe3 Kb8 24. Bf1 Rf4 25. Ng5 Rf6 26. Be2 Nf4 27. Rf1
Nxe2+ 28. Qxe2 Rxf1+ 29. Kxf1 Qd8 30. h4 Qf6+ 31. Kg1 Qa1+ 32. Kh2 Qe5+ 33. g3
b5 34. cxb5 axb5 35. Nb2 Nf6 36. Nd3 Qc3 37. Nf2 Qe5 38. Nd3 Qc3 39. Nf2 Qe5 40.
Qd2 d5 41. Qf4 Qxf4 42. gxf4 dxe4 43. Nxe6 e3 44. Nd3 Be4 45. Nec5 Bf5 46. Kg3
Kc7 47. Kf3 Nd5 48. Na6+ Kd6 49. Nab4 Nxb4 50. Nxb4 Kc5 51. Na6+ Kd4 52. Ke2 Ke4
53. Nc7 Bg4+ 54. Ke1 Kxf4 55. Nxb5 Kg3 56. Nd4 Kxh4 57. Nc2 Kg3 58. Nxe3 Bf3 59.
Kf1 h4 60. Kg1 Kf4 61. Nf1 Bd5 62. Nd2 Ke3 63. Nb1 Kd3 64. Kh2 Kc2 65. Na3+ Kb2
66. Nb5 Bxb3 67. axb3 Kxb3 68. Kh3 Kc4 1/2-1/2

[Event "Najdorf Mem Open A 2014"]
[Site "Warsaw POL"]
[Date "2014.07.15"]
[Round "2.12"]
[White "Krysztofiak, Marcin"]
[Black "Rozentalis, Eduardas"]
[Result "1-0"]
[WhiteTitle "IM"]
[BlackTitle "GM"]
[WhiteElo "2423"]
[BlackElo "2603"]
[WhiteFideId "1114751"]
[BlackFideId "12800023"]
[EventDate "2014.07.14"]

1. Nf3 d5 2. c4 d4 3. g3 c5 4. Bg2 Nc6 5. O-O e5 6. d3 Bd6 7. e3 Nge7 8. exd4
cxd4 9. a3 a5 10. Nbd2 O-O 11. Re1 Ng6 12. Qc2 Re8 13. Rb1 Bf8 14. c5 a4 15. b4
axb3 16. Nxb3 f6 17. Nfd2 Be6 18. Nc4 Qc7 19. Nb6 Ra6 20. Nd2 Nd8 21. Rb5 Qf7
22. Ndc4 Nc6 23. Bd2 Na7 24. Ra5 Rxa5 25. Nxa5 Qc7 26. Rc1 Nc6 27. Nxc6 bxc6 28.
a4 Ne7 29. a5 Qb7 30. Qa4 Qa6 31. Bxc6 Nxc6 32. Qxc6 Bf7 33. Qf3 f5 34. c6 e4
35. Qxf5 Qxd3 36. c7 g6 37. Qf4 e3 38. Be1 Be6 39. c8=Q Bxc8 40. Nxc8 Re4 41.
Qc7 Bb4 42. Nd6 1-0

[Event "Najdorf Mem Open A 2014"]
[Site "Warsaw POL"]
[Date "2014.07.15"]
[Round "2.13"]
[White "Kempinski, Robert"]
[Black "Nowicki, Bartosz"]
[Result "1-0"]
[WhiteTitle "GM"]
[WhiteElo "2597"]
[BlackElo "2256"]
[WhiteFideId "1105663"]
[BlackFideId "1179730"]
[EventDate "2014.07.14"]

1. d4 f5 2. c4 Nf6 3. Nf3 e6 4. Bf4 b6 5. e3 Bb7 6. Be2 Bb4+ 7. Nbd2 Bxd2+ 8.
Nxd2 d6 9. O-O Nbd7 10. Bg3 O-O 11. Qc2 Ne4 12. Nxe4 Bxe4 13. Qd2 Bb7 14. f3 Qe7
15. b4 e5 16. Rfe1 a5 17. a3 Ra7 18. c5 bxc5 19. bxc5 dxc5 20. dxe5 Nxe5 21. Qc3
Re8 22. Rac1 c4 23. Bxc4+ Nxc4 24. Qxc4+ Qf7 25. Qd4 Raa8 26. Rxc7 Re7 27. Rec1
Rae8 28. Bd6 Rd7 29. Rxd7 Qxd7 30. Rc7 1-0

[Event "Najdorf Mem Open A 2014"]
[Site "Warsaw POL"]
[Date "2014.07.15"]
[Round "2.14"]
[White "Matuszewski, Michal"]
[Black "Sandipan, Chanda"]
[Result "0-1"]
[WhiteTitle "IM"]
[BlackTitle "GM"]
[WhiteElo "2416"]
[BlackElo "2597"]
[WhiteFideId "1129775"]
[BlackFideId "5004225"]
[EventDate "2014.07.14"]

1. d4 f5 2. e4 fxe4 3. Nc3 Nf6 4. Bg5 g6 5. Bc4 Bg7 6. Nge2 Nc6 7. a3 d5 8. Bxf6
exf6 9. Nxd5 f5 10. c3 Qd6 11. Qb3 b6 12. Ndf4 Na5 13. Bf7+ Ke7 14. Qa2 Rf8 15.
Bc4 Nxc4 16. Qxc4 g5 17. Nd5+ Kd8 18. Nb4 Bb7 19. d5 Qc5 20. Qxc5 bxc5 21. Nc6+
Kd7 22. Na5 Ba6 23. h4 Rab8 24. b4 g4 25. Nb3 Kd6 26. Nxc5 Bxe2 27. Kxe2 Bxc3
28. Rab1 a5 29. Na6 Rb6 30. b5 Be5 31. Rhd1 f4 32. a4 f3+ 33. gxf3 exf3+ 34. Ke3
Re8 35. Ke4 h5 36. Kf5 Bh2 37. Rbc1 Rf8+ 38. Ke4 Rf4+ 39. Ke3 Rxa4 40. Rc6+ Ke5
41. Nxc7 Bf4+ 42. Kd3 Rd4+ 43. Kc2 Rxc6+ 44. dxc6 Rxd1 45. Kxd1 a4 46. Na6 a3
47. Nb4 Kd6 48. b6 g3 49. fxg3 Bxg3 50. Kd2 Bh2 51. Ke1 Bg1 52. b7 Ba7 53. Kd2
Bb8 54. Ke3 Kc5 55. Na6+ Kxc6 56. Nxb8+ Kxb7 57. Nd7 Kc6 58. Ne5+ Kc7 0-1

[Event "Najdorf Mem Open A 2014"]
[Site "Warsaw POL"]
[Date "2014.07.15"]
[Round "2.15"]
[White "Vovk, Yuri"]
[Black "Cukrowski, Filip"]
[Result "1-0"]
[WhiteTitle "GM"]
[WhiteElo "2591"]
[BlackElo "2230"]
[WhiteFideId "14113171"]
[BlackFideId "1171097"]
[EventDate "2014.07.14"]

1. d4 Nf6 2. c4 g6 3. Nc3 Bg7 4. e4 d6 5. Nf3 O-O 6. Be2 e5 7. O-O Nc6 8. d5 Ne7
9. Ne1 a5 10. Nd3 Nd7 11. Be3 f5 12. f3 fxe4 13. fxe4 Rxf1+ 14. Qxf1 Nf6 15. c5
Ng4 16. Bg5 h6 17. Qd1 h5 18. Qd2 dxc5 19. h3 Nf6 20. Nxc5 Qd6 21. Qe3 b6 22.
Nb3 Bd7 23. Nd2 Nc8 24. Rf1 Ne8 25. Qg3 b5 26. Qf2 Rb8 27. a4 Qf8 28. Qg3 Qb4
29. axb5 Ncd6 30. Be3 Kh7 31. Nf3 Qxb2 32. Bc1 Qb4 33. Nh4 Kg8 34. Nxg6 1-0

[Event "Najdorf Mem Open A 2014"]
[Site "Warsaw POL"]
[Date "2014.07.15"]
[Round "2.17"]
[White "Socko, Bartosz"]
[Black "Jakubiec, Edyta"]
[Result "1-0"]
[WhiteTitle "GM"]
[BlackTitle "WIM"]
[WhiteElo "2616"]
[BlackElo "2189"]
[WhiteFideId "1107038"]
[BlackFideId "1114158"]
[EventDate "2014.07.14"]

1. e4 c5 2. Nf3 Nc6 3. Bb5 Qc7 4. O-O e6 5. Re1 Nge7 6. b3 a6 7. Bf1 Ng6 8. Bb2
d6 9. d4 cxd4 10. Nxd4 Nxd4 11. Qxd4 e5 12. Qd2 Be7 13. c4 Nf4 14. Nc3 Bg5 15.
Qd1 O-O 16. g3 Ne6 17. Nd5 Qd8 18. Qc2 Bd7 19. Rad1 Bc6 20. h4 Be7 21. Bh3 Nc5
22. Qd2 Bxd5 23. Qxd5 Qc7 24. Ba1 a5 25. Qd2 Rad8 26. Qe3 Qb6 27. Bc3 Qc7 28.
Rd5 a4 29. b4 Ne6 30. Qd3 Qc6 31. Rd1 Rc8 32. c5 dxc5 33. b5 Qb6 34. Bxe5 Rcd8
35. Qc4 a3 36. Rd7 Rxd7 37. Rxd7 Re8 38. Bxe6 Qxe6 39. Qxe6 fxe6 40. Rxb7 Bf8
41. b6 1-0

[Event "Najdorf Mem Open A 2014"]
[Site "Warsaw POL"]
[Date "2014.07.15"]
[Round "2.18"]
[White "Warszawski, Bartosz"]
[Black "Beliavsky, Alexander G"]
[Result "1-0"]
[BlackTitle "GM"]
[WhiteElo "2247"]
[BlackElo "2631"]
[WhiteFideId "1110799"]
[BlackFideId "14602377"]
[EventDate "2014.07.14"]

1. e4 e5 2. Nf3 Nc6 3. Bb5 a6 4. Ba4 Nge7 5. O-O g6 6. c3 b5 7. Bb3 Bg7 8. d4
exd4 9. cxd4 O-O 10. Nc3 d6 11. h3 Bb7 12. Bg5 h6 13. Bh4 Qd7 14. Nd5 Nxd5 15.
Bxd5 Na5 16. Bxb7 Nxb7 17. Rc1 Rac8 18. b4 c6 19. Re1 g5 20. Bg3 f5 21. exf5
Rxf5 22. Re3 Bf8 23. Qb3+ Rf7 24. Rce1 Qf5 25. Re6 a5 26. a3 axb4 27. axb4 Qd5
28. Qd3 Qf5 29. Qe2 Rcc7 30. Qa2 Nd8 31. Re8 Ra7 32. Qb3 Rd7 33. R1e4 Qd5 34.
Qe3 Rf6 35. h4 Nf7 36. Rc8 Rd8 37. Rxd8 Nxd8 38. hxg5 Re6 39. Rxe6 Qxe6 40. Qd3
Nf7 41. gxh6 Nxh6 42. d5 cxd5 43. Qxb5 Nf5 44. Ng5 Qe1+ 45. Kh2 Qd2 46. Nh3 Nxg3
47. Kxg3 Qc3+ 48. Kh2 Qe5+ 49. g3 d4 50. Qd3 Kf7 51. Nf4 Ke8 52. Qf3 Be7 53. Ng6
Qe6 54. Qa8+ Bd8 55. Nf4 Qc4 56. Qe4+ Kd7 57. Nd5 Kc8 58. Qe6+ Kb8 59. Qxd6+ Kc8
60. Qe6+ Kb8 61. Qd7 1-0

[Event "Najdorf Mem Open A 2014"]
[Site "Warsaw POL"]
[Date "2014.07.15"]
[Round "2.19"]
[White "Zhigalko, Andrey"]
[Black "Deszczynski, Adam"]
[Result "1-0"]
[WhiteTitle "GM"]
[WhiteElo "2585"]
[BlackElo "2341"]
[WhiteFideId "13502247"]
[BlackFideId "1102753"]
[EventDate "2014.07.14"]

1. d4 d5 2. c4 dxc4 3. e3 Nf6 4. Bxc4 e6 5. Nf3 c5 6. O-O a6 7. Bb3 Nc6 8. Nc3
cxd4 9. exd4 Be7 10. Bg5 O-O 11. Qd2 b5 12. Rad1 Bb7 13. d5 exd5 14. Nxd5 Nxd5
15. Bxd5 h6 16. Bxh6 Na5 17. Bxb7 Qxd2 18. Rxd2 Nxb7 19. Be3 Rfd8 20. Rc1 Rxd2
21. Nxd2 Nd8 22. Kf1 Ne6 23. g3 f5 24. h4 Kf7 25. Nf3 Bf6 26. b3 Ke7 27. Ke2 Kd7
28. Rd1+ Ke7 29. Rd5 g6 30. h5 gxh5 31. Rxf5 Ng7 32. Rc5 Kd6 33. Kd3 Rd8 34. b4
Ke6+ 35. Ke4 Kf7 36. Rc7+ Kg6 37. Rc6 Re8+ 38. Kd3 Re6 39. Rxe6 Nxe6 40. Ke4 Be7
41. Ne5+ Kf6 42. Nd7+ Kf7 43. a3 Nc7 44. f4 a5 45. Ne5+ Ke8 46. Bd2 a4 47. f5
Bd6 48. Bf4 Na6 49. Nd3 Bf8 50. Kd5 Kd7 51. f6 1-0

[Event "Najdorf Mem Open A 2014"]
[Site "Warsaw POL"]
[Date "2014.07.15"]
[Round "2.20"]
[White "Heberla, Bartlomiej"]
[Black "Bartel, Michal"]
[Result "1-0"]
[WhiteTitle "GM"]
[BlackTitle "FM"]
[WhiteElo "2578"]
[BlackElo "2296"]
[WhiteFideId "1115120"]
[BlackFideId "1119257"]
[EventDate "2014.07.14"]

1. Nc3 e5 2. Nf3 Nc6 3. d4 d6 4. e4 Bg4 5. Bb5 exd4 6. Qxd4 Ne7 7. Qe3 a6 8. Ba4
Ng6 9. Nd4 Bd7 10. Nf5 Nge5 11. f4 Nc4 12. Qe2 b5 13. Bb3 Bxf5 14. exf5+ Qe7 15.
Bxc4 bxc4 16. Be3 O-O-O 17. O-O-O g6 18. Rhe1 Bg7 19. Nd5 Qe4 20. f6 Bh6 21.
Qg4+ Qf5 22. Qe2 Qe4 23. Qf1 Rhe8 24. Bg1 Qf5 25. Qxc4 Kd7 26. Nb6+ cxb6 27.
Qxf7+ 1-0

[Event "Najdorf Mem Open A 2014"]
[Site "Warsaw POL"]
[Date "2014.07.15"]
[Round "2.21"]
[White "Markowski, Tomasz"]
[Black "Shvayger, Yuliya"]
[Result "1-0"]
[WhiteTitle "GM"]
[BlackTitle "WIM"]
[WhiteElo "2572"]
[BlackElo "2287"]
[WhiteFideId "1105680"]
[BlackFideId "14100126"]
[EventDate "2014.07.14"]

1. c4 Nf6 2. Nf3 g6 3. b4 Bg7 4. Bb2 O-O 5. e3 d6 6. d4 c5 7. a3 a5 8. bxc5 dxc5
9. Nbd2 e6 10. Be2 Nc6 11. dxc5 Qe7 12. O-O e5 13. Ng5 Rd8 14. Qc2 Bf5 15. e4
Bd7 16. Rfd1 a4 17. Nf1 Nd4 18. Bxd4 exd4 19. Bd3 Qxc5 20. Nf3 Rac8 21. Qb2 Bc6
22. N1d2 Qh5 23. Rab1 Nd7 24. Qc2 Nc5 25. Nf1 Qg4 26. Ng3 h5 27. h3 Qf4 28. Re1
Re8 29. Ne2 Qd6 30. Ng3 Rcd8 31. Rb4 Na6 32. Reb1 Nc5 33. Re1 Na6 34. Reb1 Nc5
35. Re1 Re7 36. Rd1 Rde8 37. Qb1 Qf4 38. Ne2 Qd6 39. Bc2 Bxe4 40. Nexd4 Bxc2 41.
Nxc2 Qf4 42. Ne3 Rxe3 43. fxe3 Qxe3+ 44. Kh1 Bc3 45. Rxb7 Nxb7 46. Qxb7 Qf2 47.
Qd5 Bf6 48. Rg1 Kg7 49. c5 Rd8 50. Qc4 Qb2 51. Qxa4 Rc8 52. Qc4 Qxa3 53. Rc1 Bb2
54. Rc2 Qa1+ 55. Kh2 Be5+ 56. g3 Bf6 57. c6 Rc7 58. Kg2 Qa3 59. Qe4 Qd6 60. Qc4
Qe6 61. Qxe6 fxe6 62. Nd2 Kf7 63. Ne4 Ke7 64. Kf3 Bd4 65. Kf4 Bf6 66. Nxf6 Kxf6
67. Ke4 g5 68. g4 hxg4 69. hxg4 Ke7 70. Ke5 Rc8 71. c7 Kd7 72. Rc1 Ke7 73. Rh1
Rxc7 74. Rh7+ Kd8 75. Rxc7 Kxc7 76. Kxe6 Kd8 77. Kf6 Ke8 78. Kxg5 Kf7 79. Kh6 1-0

[Event "Najdorf Mem Open A 2014"]
[Site "Warsaw POL"]
[Date "2014.07.15"]
[Round "2.22"]
[White "Jarmula, Pawel"]
[Black "Jakubowski, Krzysztof"]
[Result "0-1"]
[BlackTitle "GM"]
[WhiteElo "2140"]
[BlackElo "2537"]
[WhiteFideId "1146211"]
[BlackFideId "1112848"]
[EventDate "2014.07.14"]

1. d4 Nf6 2. c4 e6 3. Nc3 Bb4 4. e3 b6 5. Ne2 Bb7 6. a3 Bxc3+ 7. Nxc3 Qe7 8. Bd3
Bxg2 9. Rg1 Bb7 10. Rxg7 Nc6 11. Bd2 O-O-O 12. Qe2 Rdg8 13. Rg3 h5 14. O-O-O h4
15. Rgg1 Na5 16. e4 Nb3+ 17. Kb1 Nxd4 18. Qe3 e5 19. Qh3 Qe6 20. Rxg8+ Rxg8 21.
Qxe6 fxe6 22. f4 Rg2 23. fxe5 Ng4 24. Rf1 Bc6 25. Bf4 Nf2 26. Bc2 Nxc2 27. Kxc2
Nxe4+ 28. Kc1 Nxc3 29. bxc3 Be4 30. Re1 Bf5 0-1

[Event "Najdorf Mem Open A 2014"]
[Site "Warsaw POL"]
[Date "2014.07.15"]
[Round "2.23"]
[White "Givon, Asaf"]
[Black "Erzhanov, Arman"]
[Result "1-0"]
[WhiteTitle "IM"]
[BlackTitle "FM"]
[WhiteElo "2452"]
[BlackElo "2278"]
[WhiteFideId "2801841"]
[BlackFideId "4138821"]
[EventDate "2014.07.14"]

1. e4 d6 2. d4 Nf6 3. Nc3 e5 4. Nf3 Nbd7 5. Bc4 Be7 6. O-O O-O 7. Re1 c6 8. a4
a5 9. Ba2 exd4 10. Nxd4 Nc5 11. Bf4 Be6 12. e5 dxe5 13. Nxe6 fxe6 14. Bxe5 Nd5
15. Nxd5 exd5 16. c4 dxc4 17. Qg4 Rf7 18. Qxc4 Qf8 19. Bd4 Na6 20. Qxf7+ Qxf7
21. Rxe7 1-0

[Event "Najdorf Mem Open A 2014"]
[Site "Warsaw POL"]
[Date "2014.07.15"]
[Round "2.24"]
[White "Luch, Michal"]
[Black "Halak, Miklos"]
[Result "1-0"]
[WhiteTitle "IM"]
[WhiteElo "2447"]
[BlackElo "2213"]
[WhiteFideId "1120042"]
[BlackFideId "726400"]
[EventDate "2014.07.14"]

1. d4 d5 2. c4 c6 3. Nf3 Nf6 4. Qc2 g6 5. Bf4 Bg7 6. e3 Bf5 7. Qb3 Qb6 8. Nc3
Nbd7 9. h3 O-O 10. Be2 dxc4 11. Bxc4 c5 12. O-O cxd4 13. exd4 Qxb3 14. axb3 Nb6
15. Rfe1 Rfe8 16. Ne5 Rf8 17. Nf3 Rfe8 18. Ne5 Rf8 19. g4 Bc8 20. Bg3 e6 21. Nb5
a6 22. Nd6 Ra7 23. Bf1 Nfd5 24. g5 Bxe5 25. dxe5 Bd7 26. Rec1 Nc8 27. Ne4 Nce7
28. Nf6+ Nxf6 29. exf6 Nd5 30. Bg2 Bc6 31. Bxd5 Bxd5 32. Rc7 Raa8 33. Rac1 Bc6
34. Rd1 Rac8 35. b4 Rfd8 36. Rxd8+ Rxd8 37. Bd6 Re8 38. f4 Rd8 39. Be7 Re8 40.
Kf2 Rb8 41. Ke3 Re8 42. Kd4 h6 43. gxh6 Kh7 44. Bd6 Kxh6 45. Rxf7 Rd8 46. Ke5 g5
47. fxg5+ Kxg5 48. Rg7+ Kh6 49. Rg3 Bb5 50. f7 1-0